[Event "Autumn Cup"]
[Site "Wellington Chess Club"]
[Date "2013.05.30"]
[Round "5"]
[White "Forster, Bill"]
[Black "Ker, Anthony"]
[Result "0-1"]
[WhiteElo "2088"]
[BlackElo "2425"]

1. e4 d6 2. d4 Nf6 3. Nc3 g6 4. f4 Bg7 5. Nf3 c5 6. Bb5+ Bd7 7. e5 Ng4 8. e6
Bxb5 9. exf7+ Kd7 10. Nxb5 Qa5+ 11. Nc3 cxd4 12. Nxd4 Bxd4 13. Qxd4 Nc6 14. Qc4
Qb6 15. Qe2 h5 16. h3 Nh6 17. Bd2 Nf5 18. O-O-O Ng3 19. Qd3 Nxh1 20. Rxh1 Raf8
21. Qxg6 Nd8 22. Qf5+ e6 23. Qf6 {#Diagram Anthony and I have played all of this before.
On the previous occasion Anthony now played Rhh7? and I missed the brilliant
rejoinder 24.Nd5! A few hours before this game I played through the older game
to refresh my memory. I had carefully avoided documenting Anthony's prior
mistake (discovered by interested spectator Scott Wastney). You can see the end
(not the beginning) of the previous game in the Summer Cup Round 6 report. I
hoped to get another chance to use the move! } 23... Nxf7 $1 {Bugger! After a
long think Anthony plays a better move. In fact I had done a little more
investigation as preparation - basically I just asked Houdini what the best
moves were. Houdini's moves and our game continued down the same path!} 24. Re1
Nd8 25. Qg7+ Kc8 26. f5 Rhg8 27. Qh7 Rh8 28. Qg7 {Now Houdini recommended Black
continue repeating moves. Watching Anthony descend into a long think I could
detect a slight twitching of the nostrils. I think he sensed that repetition
was best but of course that is the last thing he wants against a patzer.} 28...
exf5 $5 {Oh no! I am on my own! With 1:20 on my clock versus Anthony's 30
minutes or so, I have to actually think for the first time - on move 29!} 29.
Re3 $2 {And of course I butcher it. I realised that Houdini was willing to
sacrifice with 26.f5 in order to get access to the d5 square and the e file,
but I wasn't up to the task of using those assets myself. With Re3 I am
threatening Nd5 and Rc3 but I did not have a move to spare for this.}  ( {After
the obvious} 29. Nd5 $1 Qc5 {(absolutely forced) I couldn't see a way of
strengthening my position, I missed the fantastic resource} 30. Nf6 $1 { The
knight stops black harassing the queen with his rooks. The knight and queen
co-operate beautifully and can't be ejected. Black has to find further precise
moves in order to keep the balance } ) 29... Rhg8 {Now Anthony, who has been
playing Houdini moves with his mind rather than his memory, takes over and
smoothly outplays me. Soon I am left with nothing except my material deficit.}
30. Qh6 Qc6 31. Nd1 Kb8 32. Rc3 Qd7 33. Ne3 Nf7 34. Qf4 Ne5 35. g3 Rc8 36. Nd5
Qe6 37. Qd4 Rxc3 38. Bxc3 Rxg3 39. Ba5 Nc4 40. Qh8+ Rg8 41. Bc7+ Ka8 0-1

[Event "Autumn Cup"]
[Site "Wellington Chess Club"]
[Date "2013.06.06"]
[Round "5"]
[White "Aldridge, Alan"]
[Black "Sellen, Ian"]
[Result "1/2-1/2"]
[WhiteElo "1991"]
[BlackElo "2041"]

1. d4 d5 2. c4 e6 3. Nc3 Nf6 4. Bg5 Be7 5. Nf3 O-O 6. e3 h6 7. Bh4 b6 8. Bd3
Bb7 9. O-O Nbd7 10. Qe2 c5 11. Rac1 Ne4 12. Bxe7 Qxe7 13. Bxe4 dxe4 14. Nd2 f5
15. f3 exf3 16. Nxf3 Nf6 ( {may be better to challenge the d file with} 16...
Rad8) 17. Ne5 Rfd8 18. Qf2 Rac8 19. b3 Qe8 {Hoping for a more active life on
h5} 20. Rcd1 Qh5 21. Rd2 {Alan was looking forward to a nice comfortable life
now, doubling rooks and eventually crushing me down the d file. It was here
that I formulated a cunning plan!} 21... cxd4 22. exd4 b5 $1 {Even Rybka
doesn't rate this move to start with, although it sort of comes round
eventually. The idea is to lure the knight away from control of e4} 23. Nxb5 (
23. Ne2 {is preferred by Mr Silicon, with equality} ) 23... Ne4 24. Qe2 Qxe2
25. Rxe2 a6 26. Na3 ( {Not} 26. Na7 $2 Rc7) 26... Rxd4 27. Nc2 Rd6 28. Nb4 Rcd8
29. c5 $2 {I sat there scratching my head looking for the subtlety behind this
move, but it turns out that Alan simply didn't see that the pawn could be taken
here!} 29... Nxc5 30. Rc2 Rd2 31. Rxd2 ( {obviously not} 31. Rxc5 $4 Rxg2+
{leads to total annihilation} ) 31... Rxd2 32. Rf2 Rd1+ 33. Rf1 Rxf1+ 34. Kxf1
Kf8 35. g3 Ke7 36. Ke2 a5 $4 {Throws away pretty much the whole advantage.} 37.
Nec6+ {Alan offered a draw at this stage, and I was so shocked at my own
appalling 36th move that I agreed almost immediately. I suspect that
psychologically Alan had the edge here!} 1/2-1/2

[Event "Autumn Cup"]
[Site "Wellington Chess Club"]
[Date "2013.06.06"]
[Round "5"]
[White "Brockway, Andrew"]
[Black "Rossiter, Philip"]
[Result "1-0"]
[WhiteElo "1836"]
[BlackElo "1820"]

1. e4 c5 2. Nc3 Nc6 3. Bb5 e6 4. Bxc6 dxc6 5. f4 Nf6 6. Nf3 b5 7. d3 Be7 8. O-O
Bb7 9. Qe1 Qc7 10. Ne2 h6 11. f5 O-O-O 12. fxe6 fxe6 13. Bf4 Qb6 14. Ne5 c4+
15. Kh1 g5 16. Bg3 cxd3 17. cxd3 Rh7 18. Ng6 Ng4 19. Nxe7+ Rxe7 20. Qc3 Red7
21. d4 h5 22. h3 h4 23. Be1 Nh6 24. Bf2 Qc7 25. Be3 Nf7 26. Rf6 e5 27. d5 cxd5
28. Qxc7+ Kxc7 29. Bxa7 Ba6 1-0

[Event "Autumn Cup"]
[Site "Wellington Chess Club"]
[Date "2013.06.06"]
[Round "5"]
[White "List, Robert"]
[Black "Stracy, Don"]
[Result "1-0"]
[WhiteElo "1665"]
[BlackElo "1729"]

1. e4 c5 2. Nc3 Nc6 3. f4 g6 4. Nf3 Bg7 5. Be2 e6 6. O-O Nge7 7. Na4 d6 8. Nc3
O-O 9. Qe1 Bd7 10. d3 Nd4 11. Bd1 Nec6 12. a3 Nxf3+ 13. Bxf3 Nd4 14. Bd1 Bc6
15. Ne2 f5 16. Ng3 Qd7 17. c3 Nb5 18. Bb3 Kh8 19. Bc2 Rae8 20. a4 Nc7 21. Ne2
Qe7 22. Rf3 Bd7 23. Qf2 e5 24. Qg3 fxe4 25. dxe4 Ne6 26. f5 gxf5 27. exf5 Nd8
28. Be3 Bc6 29. Rf2 Bf6 30. Qh3 Rg8 31. g3 Nf7 32. Qf1 Ng5 33. Rd1 Rd8 34. Bb3
d5 35. Re1 b6 36. Bc2 Qf7 37. h4 Ne4 38. Bxe4 dxe4 39. Qh3 Bxa4 40. Rg2 Bb5 41.
g4 Ba4 42. g5 Be7 43. h5 Rd1 44. Rxd1 Bxd1 {#Diagram White has been making
attacking overtures the whole game. Initially Black countered with strong
thematic Sicilian central counterattack - but then Don started dithering and
now Black's situation looks critical} 45. g6 $1 Qd5 46. Nc1 $2 {Anaemic}  (46.
Bh6 {is a good, natural move} ) 46... Bf3 47. Rd2 Qb7 $2 48. Qg3 $4 (48. f6 $1
Bxf6 49. Rd7 {wins easily} ) 48... Bf6 49. Bg5 Qe7 50. Bxf6+ $2 (50. Rd7 {first
is much stronger} ) 50... Qxf6 51. Rd7 {#Diagram Now Black needs one accurate
move to stem the attack with a winning position} 51... Bxh5 $4 {This is not
that move}  (51... Rg7 $1) 52. Rxh7# 1-0

[Event "Autumn Cup"]
[Site "Wellington Chess Club"]
[Date "2013.06.06"]
[Round "5"]
[White "Nyberg, Michael"]
[Black "Jackson, Ross"]
[Result "1/2-1/2"]
[WhiteElo "2044"]
[BlackElo "1959"]

1. d4 Nf6 2. c4 c5 3. d5 e6 4. Nc3 exd5 5. cxd5 d6 6. Nf3 g6 7. e4 Bg7 8. Bb5+
Bd7 9. Qe2 O-O 10. O-O a6 11. Bxd7 Nbxd7 12. Bf4 Qe7 13. Rfe1 Nh5 14. Bg5 Bf6
15. Bh6 Rfe8 16. g4 Bg7 17. Qd2 Nhf6 18. h3 b5 19. Bxg7 Kxg7 {draw agreed}
1/2-1/2

[Event "Autumn Cup"]
[Site "Wellington Chess Club"]
[Date "2013.06.06"]
[Round "5"]
[White "Sknar, Andrew"]
[Black "Cunningham, Patrick"]
[Result "0-1"]
[WhiteElo "952"]
[BlackElo "1431"]

1. e4 e5 2. Nf3 Nc6 3. d4 exd4 4. Nxd4 Bc5 5. c3 Nf6 6. Bg5 h6 7. Nxc6
{#Diagram The scene is set for some sparkling combinative play from the senior
player (by 60 years or so I'd guess :-) in this pairing} 7... Bxf2+ $6 8. Kxf2
Nxe4+ 9. Kg1 Qxg5 {Black threatens mate and the loose knight, if he wins back
the piece he will be two pawns up...} 10. Nd4 $4 {Oh dear}  ( {Unfortunately
there is a flaw in the combination, white can defend against the mate and
simultaneously counterattack black's loose piece, after say} 10. Qd4 dxc6 11.
Qxe4+ Be6 {black has decent compensation as his rooks get to the open centre
files much faster than white's} ) 10... Qe3# 0-1

[Event "Autumn Cup"]
[Site "Wellington Chess Club"]
[Date "2013.06.06"]
[Round "5"]
[White "Van der Hoorn, Mark"]
[Black "Nijman, Brian"]
[Result "1-0"]
[WhiteElo "2180"]
[BlackElo "2218"]

1. d4 e6 2. Bf4 c5 3. e3 d5 4. Nf3 Nf6 5. h3 cxd4 6. exd4 Bd7 7. Nbd2 Qa5 8. c3
Bb5 9. a4 Bxf1 10. Kxf1 Nc6 11. g4 Be7 12. Kg2 O-O 13. Re1 Rfc8 14. Qe2 Qd8 15.
Qd3 Na5 16. Ne5 Nd7 {#Diagram Mark spots a combo} 17. Nxf7 $5 Kxf7 18. Rxe6 $1
Nf8 19. Qf5+ Kg8 20. Rae1 Nc6 21. R6e2 g6 22. Qd3 Qd7 {Brian has defended
calmly and driven white back. Still, as Frank Marshall showed a century ago, a
small material investment can be justified by a slow burning initiative - you
don't always have to keep slashing and burning like a madman.} 23. Qb5 Bf6 24.
Nf3 a6 25. Qb3 Qf7 26. Bg5 Rd8 27. Bxf6 Qxf6 28. Qxb7 {Picking up one pawn
gives White nominal material equality} 28... Ra7 29. Qb6 Rf7 30. Ne5 Nxe5 31.
Qxf6 Rxf6 32. dxe5 Rb6 33. f4 Ne6 34. Kg3 d4 35. f5 d3 36. Rd2 Nc5 37. e6 Nxa4
$2 {Unwisely allowing White to establish an advanced passed phalanx} 38. f6 $1
{#Diagram Usually the king is a good pawn blockader, but in this situation the
rooks and pawns combine too well, and the offside knight doesn't help either.}
38... Rb7 39. e7 Re8 40. Rxd3 Kf7 $2 ( {White was threatening} 40... -- 41. Rd8
{and this natural move surprisingly does nothing to stop it} )  ( {So actually}
40... Rbb8 { was forced, with an unpleasant position for Black} ) 41. Rd8 Rb8
42. Red1 {Black has no defence to the threat of Rxb8 and Rd8} 42... Nxb2 43.
R1d4 Na4 ( {The best Black can do is} 43... Kxf6 44. Rxb8 Rxb8 45. Rd8 Kxe7 46.
Rxb8 {with a hopeless exchange down ending - Brian elects to die quickly and
painlessly instead} ) 44. Rxb8 Nxc3 45. Rxe8 Ne2+ 46. Kf2 1-0

[Event "Autumn Cup"]
[Site "Wellington Chess Club"]
[Date "2013.06.06"]
[Round "5"]
[White "Wastney, Scott"]
[Black "Stone, Andrew"]
[Result "1-0"]
[WhiteElo "2453"]
[BlackElo "2008"]

1. e4 e5 2. Nf3 Nc6 3. Nc3 Nf6 4. a3 {A speciality of mine.  On the surface it
doesn't look very ambitious, but I have built up my own theory in this opening
and black still needs to play accurately.} 4... d5 5. Bb5 Nxe4 {My most recent
game (last round of the Waitakere Trust Open against Luke Li last weekend)
went:}  (5... d4 6. Ne2 Nxe4 7. d3 Nf6 8. Nxe5 Qd5 9. Bxc6+ bxc6 10. Nf3 c5 11.
Nf4 Qd8 12. O-O Be7 13. Re1 O-O 14. Ne5 Bb7 15. Nc4 Rb8 16. Bd2 Bd6 17. Nxd6
Qxd6 18. Nh5 Nxh5 19. Qxh5 Qc6 20. f3 { the pawn weaknesses already make
black's position difficult, but his next move loses a pawn  } 20... c4 $2 21.
Bb4 Rfe8 22. dxc4 $1 Qxc4 23. Qc5 {and white is winning a pawn. A game I was
embarrassed not to win in the end} ) 6. O-O Nxc3 7. dxc3 Bg4 8. c4 d4 9. Re1 f6
$4 {Suddenly black is lost} 10. Nxe5 $1 fxe5 11. Qxg4 Qf6 12. Bg5 h5 13. Qxd4
Qd6 14. Rxe5+ Kf7 15. Qd5+ {The practical human move.  A chess engine
confidently sacrifices material for checkmate:}  (15. Qf4+ Kg8 16. c5 Qxe5 17.
Bc4+ Kh7 18. Bd3+ g6 19. Qf7+ Qg7 20. Bxg6# {But you'd have to see the 20th
move and be confident that nothing is overlooked.  To be honest I didn't even
consider this rook  sacrifice, though this would have been a nice way for the
game to finish!} ) 15... Qxd5 16. Rxd5 {Black resigns. White is 2 pawns up and
16...Bd6 is going to be met by 17.c5} 1-0

[Event "Autumn Cup"]
[Site "Wellington Chess Club"]
[Date "2013.06.06"]
[Round "5"]
[White "Wight, Joshua"]
[Black "Sknar, Andrew"]
[Result "0-1"]
[WhiteElo "1269"]
[BlackElo "1388"]

1. e4 e5 2. Nf3 Nc6 3. Bc4 Nf6 4. d3 d5 5. Bb5 Qd6 6. O-O a6 7. Bxc6+ bxc6 8.
Re1 d4 9. b3 h5 10. Bb2 h4 11. Ba3 c5 12. Nbd2 Rh5 13. Nc4 Qe6 14. h3 Bd6 15.
Nh2 Rg5 16. Nxd6+ cxd6 17. Qf3 {#Diagram} 17... Qxh3 18. Qxh3 Bxh3 19. f3 Rxg2+
20. Kh1 Rxc2 21. Bc1 a5 22. Bg5 Bg2+ 23. Kg1 h3 24. Rec1 Rb2 25. Rcb1 Re2 26.
Re1 Rxe1+ 27. Rxe1 Nh7 28. Bd2 f6 29. Re2 a4 30. b4 a3 31. bxc5 dxc5 32. Bc1
Ng5 33. Bxg5 fxg5 34. Ng4 Bxf3 35. Rf2 Bxg4 36. Kh2 Rb8 37. Kg3 Bd7 38. Kh2 Rb2
0-1

[Event "Autumn Cup"]
[Site "Wellington Chess Club"]
[Date "2013.06.13"]
[Round "1"]
[White "Rossiter, Philip"]
[Black "Whittle, Jonathon"]
[Result "1-0"]
[WhiteElo "1820"]
[BlackElo "1775"]

1. d4 g6 2. e4 Bg7 3. Nf3 d6 4. h3 c5 5. Be3 Nc6 6. Be2 Nf6 7. Nbd2 cxd4 8.
Nxd4 O-O 9. O-O Bd7 10. f4 Nh5 11. Nxc6 bxc6 12. Bxh5 gxh5 13. Qxh5 Bxb2 14.
Rad1 f5 15. Nf3 Be8 16. Qg5+ Kh8 17. exf5 Bf6 18. Qg3 Bh5 19. Rd3 c5 20. Bxc5
Qa5 21. Be3 Qxf5 22. Nd4 Qe4 23. Qf2 Rg8 24. Nf3 Rg7 25. Ng5 Qc6 26. g4 Be8 27.
Ne6 Rg8 28. Kh2 Bd7 29. Nd4 Qc8 30. f5 Qc4 31. Re1 Qxa2 32. Bf4 Raf8 33. Ne6
Rf7 34. Qd2 Qc4 35. g5 Bxe6 36. Rxe6 Be5 37. Rxe5 Rxg5 38. Bxg5 dxe5 39. Rd8+
Kg7 40. Bh6+ 1-0

[Event "Autumn Cup"]
[Site "Wellington Chess Club"]
[Date "2013.06.13"]
[Round "2"]
[White "Van der Hoorn, Mark"]
[Black "Wastney, Scott"]
[Result "1-0"]
[WhiteElo "2180"]
[BlackElo "2453"]

1. e4 e5 2. Nf3 Nc6 3. Bb5 a6 4. Ba4 d6 5. O-O g6 {Not sure I've ever seen this
before. Is it a made-up line? [Bill: The kings fianchetto Lopez is a
respectable old line - a favourite of Smyslov for example]} 6. d4 Bg7 7. Bxc6+
bxc6 8. dxe5 dxe5 9. Bg5 Qxd1 10. Rxd1 Be6 11. Nbd2 {Black has the 2 bishops,
but I wouldn't say his opening has been a success} 11... h6 12. Be3 f5 13. Nh4
Kf7 14. Nb3 f4 15. Bd2 Ne7 16. Ba5 g5 17. Nf3 g4 18. Ne1 Ra7 {#Diagram This
turns out to be a lousy place for the rook}  (18... Rhc8 19. Nd3 Ng6 20. Nb4
{is not much better} ) 19. Nc5 Bc8 20. Rd2 Ng6 21. Rad1 Re8 22. Rd8 Bf8 23.
Rxe8 Kxe8 24. Ned3 Bd6 25. f3 gxf3 26. gxf3 Ra8 27. Kf2 Rb8 28. Bc3 Rb5 29. b4
Kf7 30. Rg1 Rb6 31. h4 Nxh4 32. Rh1 (32. Nxe5+ $1 Bxe5 33. Bxe5 Ng6 (33... Rxb4
34. Rg7+ Ke8 (34... Kf8 35. Rxc7 Bh3 36. Ne6+ $1 Bxe6 37. Bd6+) 35. Rg8+) )
32... Ng6 33. Rxh6 Rb8 34. a4 Kg7 35. Rh5 Kf6 36. a5 Be6 $2 {#Diagram Black
understandably wants to get out of the mess on the queenside, but this seems to
be the decisive mistake} 37. Rh6 Bc4 (37... Bxc5+ 38. Nxc5 Re8 39. Bxe5+ $1
Kxe5 40. Rxg6) 38. Nxf4 (38. Nd7+ {surely wins on the spot} 38... Kg7 39. Rxg6+
Kxg6 40. Nxb8) 38... Rg8 39. Nd7+ Ke7 40. Nxg6+ Kxd7 41. Nxe5+ Bxe5 42. Bxe5
Rf8 43. Bd4 Rf7 44. Ke3 Bf1 45. f4 Bc4 46. f5 Ba2 47. b5 cxb5 48. Rxa6 Bb1 49.
c3 Rf8 (49... Re7 50. Re6)  (49... Rh7 50. Re6 Ba2 51. Re5 Rh3+ 52. Kf4) 50.
Rh6 Rc8 51. Rh7+ Kd6 52. Rh6+ Kd7 53. Bc5 Re8 54. Re6 Rh8 55. a6 Rh3+ 56. Kd4
Rh8 57. a7 Ra8 58. Rf6 Re8 59. e5 Rh8 60. Rf8 Rh4+ 61. Ke3 1-0

[Event "Autumn Cup"]
[Site "Wellington Chess Club"]
[Date "2013.06.13"]
[Round "3"]
[White "Nyberg, Michael"]
[Black "Sellen, Ian"]
[Result "0-1"]
[WhiteElo "2044"]
[BlackElo "2041"]

1. e4 e6 2. f4 {Michael had prepared this surprise for me knowing he would
probably face a French. People have done this to me on the internet quite a
lot, and I have often got into trouble by marching the d pawn down towards d3,
so I decided not to do that this time } 2... d5 3. e5 c5 4. Nf3 Nc6 5. c3 Bd7
6. Na3 a6 ( {Not really necessary because the knight is heading for c2, not b5}
6... Nh6 { is better} ) 7. Nc2 Nge7 8. d4 Nf5 9. Ne3 Nxe3 10. Bxe3 Qb6 11. Qd2
cxd4 12. Bxd4 Nxd4 13. Nxd4 Bc5 14. Be2 O-O 15. O-O f6 16. Kh1 (16. exf6 Rxf6
17. g3 {with an even position} ) 16... Bxd4 (16... fxe5 17. fxe5 {looks better.
I decided that I would swap off all the minor pieces and go for the draw} ) 17.
cxd4 Bb5 $6 {I only saw white's reply after I had lifted the bishop off the d7
square} 18. Qb4 Qc6 19. Rac1 Qd7 20. Bxb5 Qxb5 21. Qd6 (21. Qxb5 axb5 22. a3
Ra4 {and black is fine despite the doubled pawns} ) 21... Rae8 22. b3 Qe2 23.
Rf3 $6 {I think this is a mistake while white has to worry about his back rank.
White is about to lose a pawn}  (23. f5 fxe5 24. dxe5 Rf7 {is even} ) 23... Qd2
24. Qc5 Qxa2 (24... fxe5 25. fxe5 Rxf3 26. gxf3 Qf2 27. Qc3 Rf8 {is also good
for black} ) 25. Rg3 Qd2 26. exf6 (26. Rf1 fxe5 27. Qc7 g6 28. Rh3 Rf7 29. Qxe5
{black is winning, but not by so much} ) 26... Rxf6 27. Rf1 Qe2 ( {Better}
27... Rxf4 28. Rxg7+ Kxg7 29. Qc7+ Kg6 30. Qxf4 Qxf4 31. Rxf4 Rc8) 28. Rgf3
Ref8 29. h3 Qe4 30. Qb6 R6f7 31. Qd6 Rf6 32. Qc7 R6f7 33. Qb6 g6 {partly to
prevent a pawn break with f5} 34. Qd6 Rc8 35. Qb4 Rc2 36. Re1 Re2 37. Rc1 Kg7
38. Rc8 Qb1+ 39. Kh2 Qb2 40. Rg3 Qd2 41. Qd6 Qxf4 42. Qd8 $4 {allowing mate in
4, which I didn't see!} 42... Kh6 ( {is ok, but} 42... Rxg2+ $1 43. Kxg2 Qf1+
44. Kh2 Rf2+ 45. Rg2 Qxg2# {is obviously better!} ) 43. Qh8 Re3 (43... Rxg2+
{again - but the move played was enough!} ) 0-1

[Event "Autumn Cup"]
[Site "Wellington Chess Club"]
[Date "2013.06.13"]
[Round "4"]
[White "Nijman, Brian"]
[Black "Forster, Bill"]
[Result "1-0"]
[WhiteElo "2218"]
[BlackElo "2088"]

1. d4 d6 2. e4 Nf6 3. Nc3 c6 4. Nf3 Qa5 5. Bd3 e5 6. h3 Nbd7 7. O-O Be7 8. dxe5
dxe5 9. Nh4 {#Diagram Isn't that just falling into a standard trap dropping the
e pawn?} 9... Nxe4 $4 {As it turns out, no. With the benefit of hindsight, I
think you need to be capturing on h4 with a Queen rather than a Bishop to make
this idea work.} 10. Nxe4 Bxh4 11. Nd6+ {Bugger, didn't see that one in
advance} 11... Kf8 {Absolutely forced}  (11... Kd8 12. Nxf7+)  (11... Ke7 12.
Nf5+) 12. Qh5 Qd5 {What else?} 13. Qxh4 $1 ( {I was hoping for the apparently
decisive} 13. Bc4 {when } 13... Nf6 {allows black to limp on} )  (13. Qxh4
{Unfortunately now after} 13... Qxd6 {comes the annoying} 14. Qd8#) 1-0

[Event "Autumn Cup"]
[Site "Wellington Chess Club"]
[Date "2013.06.13"]
[Round "5"]
[White "Pandey, Alok"]
[Black "Miriyala, Rama Rao"]
[Result "0-1"]
[WhiteElo "2015"]
[BlackElo "1938"]

1. d4 Nf6 2. Nc3 d5 3. e4 dxe4 4. f3 exf3 5. Nxf3 e6 6. Bg5 Be7 7. Bd3 O-O 8.
O-O h6 9. Bh4 Nbd7 10. Qe1 b6 11. Ne4 Bb7 12. Nxf6+ Bxf6 13. Bxf6 Nxf6 14. c3
Qd5 15. Qh4 Rad8 16. Rae1 Qh5 17. Qg3 c5 18. Qc7 Rd7 19. Qf4 cxd4 20. Nxd4 Qd5
21. Qg3 Nh5 22. Qh3 Qg5 23. Be4 Ba6 24. Nxe6 fxe6 25. Qxe6+ Rdf7 26. Rxf7 Qc5+
27. Rf2+ Kh8 28. Bf3 Nf4 29. b4 Qxf2+ 30. Kxf2 Nxe6 31. Rxe6 Bc4 32. Re7 a5 33.
a3 axb4 34. cxb4 Bd5 35. Re3 b5 36. Ke2 Bxf3+ 37. Rxf3 Ra8 38. Rc3 Kh7 39. Kd2
g5 40. Kc2 Re8 41. Rd3 Re2+ 42. Rd2 Re3 43. Kb2 g4 44. g3 Kg7 45. Rd7+ Kg6 46.
Rb7 Re2+ 47. Kc3 Rxh2 48. Rxb5 Rg2 49. a4 Rxg3+ {Next move doesn't make sense,
but black won} 0-1

[Event "Autumn Cup"]
[Site "Wellington Chess Club"]
[Date "2013.06.20"]
[Round "4"]
[White "Ker, Anthony"]
[Black "Wastney, Scott"]
[Result "1-0"]
[WhiteElo "2425"]
[BlackElo "2453"]

1. e4 e5 2. Nf3 Nc6 3. d4 exd4 4. Nxd4 Bc5 5. Nxc6 Qf6 6. Qd2 dxc6 7. Nc3 Qe7
8. Qg5 Nf6 9. f3 O-O 10. Be3 Bd6 11. Bd4 h6 12. Qh4 Be5 13. O-O-O Bxd4 14. Rxd4
Qc5 15. Qf2 Be6 16. Be2 a5 17. Rhd1 a4 18. a3 b5 19. Qe3 Qb6 20. R4d3 c5 21. e5
Nh7 22. Ne4 Bf5 23. Rd5 Bxe4 24. fxe4 Ng5 25. Qxc5 {#Diagram Conventional
wisdom has it that playing through the centre normally trumps a wing attack. Or
putting it another way, launching wing pawns forward is rarely a good idea
unless the centre is closed. This situation doesn't appear to be an exception
and White has a clear advantage.} 25... Qg6 26. Bf3 Rfc8 27. Qe7 c6 28. Rd8+
Rxd8 29. Rxd8+ Rxd8 30. Qxd8+ Kh7 {White seems to have exchanged away his
advantage} 31. Qd1 Nxf3 32. Qxf3 Qg5+ 33. Kd1 {#Diagram I am not sure what the
time situation was at this point. Black seems to be fine but I can understand
the big free pawn on e5 must have been tempting} 33... Qxe5 $2 {Allowing white
the opportunity to play a very advantageous king and pawn ending. I am not 100%
sure it is winning, I'll leave that judgement to the real experts} 34. Qf5+
Qxf5 35. exf5 g6 36. Kd2 gxf5 37. Kc3 c5 38. b4 c4 39. Kd4 Kg6 40. Kc5 1-0